000 00579cam a22002053a 4500
001 35484
003 PGUSA
005 20140828083750.0
008 110305s2011||||xxu|||||s|||||000 | eng d
040 _aPGUSA
_beng
042 _adc
100 1 _aBonner, Geraldine,
_d1870-1930
245 1 4 _aThe Black Eagle Mystery
_h[electronic resource] /
_cGeraldine Bonner
260 _bProject Gutenberg,
_c2011
506 _aPublic domain in the USA.
516 _aElectronic text
830 0 _aProject Gutenberg
_v35484
856 4 0 _uhttp://www.gutenberg.org/ebooks/35484
942 _cEB
999 _c264739
_d264739